000 01139nam a22003497a 4500
001 BR9901580
003 BR-BrBNA
005 20230928100250.0
007 ta
008 230509b bl.||||| |||| 00| 0 por d
040 _aBR-BrBNA
_bpor
_cBiblioteca Nacional de Agricultura
041 _a(Por)
072 _aH20; F30
_b3300
_b4120
_b3875
090 _ 3300 BR9901580
100 1 _aCaldari Junior, P.
110 1 _aEscola Superior de Agricultura Luiz de Queiroz, Piracicaba, SP (Brasil)
_0Tese (Mestre em Agronomia)
245 1 _aCaracterizacao morfologica, esporulacao e sensibilidade a fungicidas de isolados de Botrytis cinerea de flores e plantas ornamentais
260 3 _aPiracicaba, SP (Brasil):
_c1998.
300 _a51 p.
500 _aSummaries (Eng, Por); Bibliography p. 44-51; 11 illus.; 5 tables
650 _aPlanta Ornamental
650 _aFlor
650 _aFungo
650 _aEsporulacao
650 _aFungicida
650 _aResistencia a Produtos Quimicos
650 _aMorfologia Vegetal
650 _aSao Paulo
650 _aMinas Gerais
909 _a202309
_bLucia
_c55
_dLucia Elande
942 _cBK
999 _c60763
_d60763